000 00861nam a2200145 4500
020 _a9505771843
080 _a342.3 /34 M 319
245 _aManual de teoria del Estado y del Gobierno
260 _aBuenos Aires:
_bdel Belgrano,
_c1997
300 _a294 P.
650 _xteoria del estado
_xciencia politica
_xmetodo
_xsoberania del Estado
_xpueblo
_xopinion publica
_xobligacion politica
_xcontrato
_xdoctrina de seguridad juridica
_xderecho constitucional
_xconstitucion politica
_xestado
_xestado capitalista
_xMax Weber
_xJhon Rawls
_xideas politicas
_xNicolas Maquiavelo
_xJean Bodin
_xThomas Hobbes
_xJhon Locke
_xMontesquieu
_xJean Jackes Rousseau
_xAlexis de Tockeville
_xGeorge Sorel
_xsocialismo utopico
_xsocialismo cientifico
_xderecho politico
700 _aDalla Via Alberto
_eGraƱa, Eduardo
_eSisinni, Nicolas
_eBasterra, Marcela
945 _acd
_d2024-02-26
999 _c5371
_d235875
942 _6_